| 000 | 01882cam a22003251i 4500 | ||
|---|---|---|---|
| 003 | SA-RiAUC | ||
| 005 | 20250217081948.0 | ||
| 008 | 250215s1990 ku g 00000cara c | ||
| 040 |
_aSA-RiAUC _bara _cSA-RiAUC _erda |
||
| 082 | 0 | 4 |
_a925 _qSA-RiAUC |
| 090 |
_a925 _b ر ب ع |
||
| 100 | 1 |
_aالربعي، محمد بن عبد الله بن أحمد، _dتوفي 379 هجري _eمؤلف. |
|
| 245 | 1 | 0 |
_aتاريخ مولد العلماء ووفياتهم / _cتصنيف محمد بن عبد الله زبر الربعي. يليه، ثبت عبد العزيز الكتاني. يليه، زيادات لهبة الله بن الأكفاني ؛ تحقيق محمد المصري. |
| 264 | 1 |
_aالكويت : _bجمعية إحياء التراث الإسلامي، مركز المخطوطات والتراث والوثائق، _c1990 |
|
| 300 |
_a498 صفحة ؛ _c24 سم. |
||
| 336 |
_aنص _btxt _2rdacontent _3كتاب |
||
| 337 |
_aبدون وسيط _bn _2rdamedia |
||
| 338 |
_aمجلد _bnc _2rdacarrier |
||
| 490 | 1 |
_aتحقيق التراث ؛ _v8 |
|
| 650 | 7 |
_aالعلماء العرب _vتراجم _2aucsh |
|
| 650 | 7 |
_aالعلماء المسلمون _vتراجم _2aucsh |
|
| 700 | 1 |
_aالمصري، محمد _eمحقق. |
|
| 700 | 1 | 2 |
_aالكتاني، عبد العزيز بن أحمد بن محمد، _d389-466 هجري _tثبت عبد العزيز الكتاني. |
| 700 | 1 | 2 |
_aابن الأكفاني، هبة الله بن أحمد بن محمد، _d444-524 هجري _tزيادات لهبة الله بن الأكفاني. |
| 740 | 0 | 2 | _aثبت عبد العزيز الكتاني. |
| 740 | 0 | 2 | _aزيادات لهبة الله بن الأكفاني. |
| 830 | 0 |
_aتحقيق التراث (مركز المخطوطات والتراث (جمعية إحياء التراث الإسلامي)) _v8 |
|
| 942 |
_2ddc _cBOOK _n0 |
||
| 949 |
_aSA-JeALM _d250215 _umohamedma123 _n1 |
||
| 999 |
_c6032 _d6032 |
||